000
00298nam a2200121Ia 4500
005
20251222144759.0
008
251222s9999||||xx |||||||||||||| ||spa||
020
_a
0-8213-4961-9
082
_a
370.985/W84
245
0
_a
Peruviana Education at a Crossroads
264
_b
The World Bank
942
_c
LIB
999
_c
19658
_d
19658